00895nam a2200229 u 45000010006000000050017000060080041000230350010000640350021000740400013000950410008001080820008001161000035001242450109001592500017002682600046002853000019003315050171003506000042005216000046005636500056006091569520260504075104.0960313s1963 spa  a15695 a(OCoLC)778012255 ccomduadb aspa 4a80910aDiaz Plaja, Guilermo4auteaut10aCuestion de límites : cuatro ejemplos de estéticas fronterizas Cervantes, Velázquez, Goya, el cine a1. edición aBarcelona :bRevista de Occidente,c1963. a232 páginas. aCONENIDO : I: El "Quijote" como situación teatral. -- II: Velázquez, tema literario. -- III: Gota, como actitud mental. -- IV: El cine dentro de las bellas artes.17aGoya, Francisco de,d1746-18282embne14aCervantes Saavedra, Miguel de,d1547-1616 aVelázquez, Diego Rodríguez de Silva y 1599-1660